000 00767nam a22001817a 4500
005 20220118124609.0
008 101005n2005 mx 000 0 spa u
020 _a9709836013
050 0 4 _aF1408.3
_bS63 2005
245 0 0 _aSociedades locales y culturas en tránsito en el caribe español /
_cMaría Teresa Cortés Zavala, coordinadora
260 _aMorelia, Michoacán, México, :
_bUniversidad Michoacana de San Nicolás de Hidalgo; Facultad de Historia,
_c2005
300 _a177 p. :
_bil. ;
_c22 cm.
490 0 _aColección Historia regional continental ;
_v3
650 7 _2lemb
_aCondiciones sociales
_zCaribe (Región)
650 7 _2lemb
_aCondiciones económicas
_zCaribe (Región)
650 7 _2lemb
_aHistoria
_zCaribe (Región)
942 _2lcc
_cLIB
999 _c62325
_d62325